World famous fairy tales
| Format: | Book |
|---|---|
| Published: |
London :
System Publishing House Ltd. ,
1992
|
| Subjects: |
MARC
| LEADER | 00000cam a2200000 7i4500 | ||
|---|---|---|---|
| 001 | 0000008718 | ||
| 002 | 000009500 | ||
| 005 | 20000330.0 | ||
| 020 | |a 1857670051 | ||
| 090 | 0 | 0 | |a 398.2 |b WOR |
| 245 | 0 | 0 | |a World famous fairy tales |c edited by Jennifer Armstrong |
| 260 | |a London : |b System Publishing House Ltd. , |c 1992 | ||
| 300 | |a 48p. : |b ill ; |c 17cm. | ||
| 650 | 0 | 0 | |a Folk literature, Malay |
| 999 | |a 048419 |b BUKU |c PINJAMAN |e PERPUSTAKAAN KOMUNITI PETALING JAYA | ||